<?xml version="1.0" encoding="UTF-8"?>
<record
    xmlns:xsi="http://www.w3.org/2001/XMLSchema-instance"
    xsi:schemaLocation="http://www.loc.gov/MARC21/slim http://www.loc.gov/standards/marcxml/schema/MARC21slim.xsd"
    xmlns="http://www.loc.gov/MARC21/slim">

  <leader>01990nam a2200193 a 4500</leader>
  <controlfield tag="008">180918s2015    ag ||||g||||| 00| 1|spa d</controlfield>
  <datafield tag="020" ind1=" " ind2=" ">
    <subfield code="a">9789876992657</subfield>
  </datafield>
  <datafield tag="041" ind1=" " ind2=" ">
    <subfield code="a">spa</subfield>
  </datafield>
  <datafield tag="092" ind1=" " ind2=" ">
    <subfield code="c">323</subfield>
    <subfield code="l">6</subfield>
    <subfield code="s">BAR</subfield>
  </datafield>
  <datafield tag="100" ind1="1" ind2=" ">
    <subfield code="a">Barcos de Surghi, Susana.</subfield>
    <subfield code="9">4292</subfield>
  </datafield>
  <datafield tag="245" ind1=" " ind2=" ">
    <subfield code="a">Corredores de la memoria.</subfield>
    <subfield code="b">Del Campo de la Ribera a los juicios /</subfield>
    <subfield code="c">Susana Barco de Surghi</subfield>
  </datafield>
  <datafield tag="250" ind1=" " ind2=" ">
    <subfield code="a">1a ed. </subfield>
  </datafield>
  <datafield tag="260" ind1=" " ind2=" ">
    <subfield code="a">C&#xF3;rdoba:</subfield>
    <subfield code="b">EDUVIM;</subfield>
    <subfield code="c">2015.</subfield>
  </datafield>
  <datafield tag="300" ind1=" " ind2=" ">
    <subfield code="a">152 p.</subfield>
    <subfield code="c">155x220 mm.</subfield>
  </datafield>
  <datafield tag="500" ind1=" " ind2=" ">
    <subfield code="a">Barco de Surghi, S. (2015). Corredores de la memoria. Del Campo de la Ribera a los juicios. (1a ed.). C&#xF3;rdoba : EDUVIM.</subfield>
  </datafield>
  <datafield tag="505" ind1=" " ind2=" ">
    <subfield code="a">En este libro, de una manera intimista y sin una secuencia lineal, la autora recorre sus d&#xED;as como presa pol&#xED;tica en el Campo de la Ribera y en la UP1 de C&#xF3;rdoba, narrando episodios vividos junto a sus compa&#xF1;eras de cautiverio; entretejidos con reflexiones no exentas de humor e iron&#xED;a, en los que se destacan la solidaridad y la creatividad como elementos esenciales para resistir y no enloquecer. Seg&#xFA;n Laura Devetach, autora del pr&#xF3;logo que acompa&#xF1;a a la presente edici&#xF3;n, "A trav&#xE9;s de la escritura se va dando cuenta de la construcci&#xF3;n, con migajas, de la vida cotidiana como un conjunto de peque&#xF1;os actos po&#xE9;ticos". La memoria registra las experiencias mediante un lenguaje que linda lo literario para acercar a los lectores a una historia, en realidad, carente de poes&#xED;a, saturada de violencia, desolaci&#xF3;n y desarraigo, no simb&#xF3;licos, sino atravesando las esferas de lo corporal, lo ps&#xED;quico y lo espiritual. "Es que la palabra es un atributo humano, entonces, &#xBF;c&#xF3;mo volver palabra lo inhumano", reflexiona Barco. La obra culmina con la declaraci&#xF3;n de la autora en la Megacausa La Perla, testimonio p&#xFA;blico de lo vivido durante el oscurantismo de aquellos a&#xF1;os, memoria que se torna, en ese hecho, responsabilidad social, pues posibilita la justicia, indispensable en el camino hacia una sociedad igualitaria. </subfield>
  </datafield>
  <datafield tag="655" ind1=" " ind2=" ">
    <subfield code="a">Literatura</subfield>
    <subfield code="9">2917</subfield>
  </datafield>
  <datafield tag="942" ind1=" " ind2=" ">
    <subfield code="2">ddc</subfield>
    <subfield code="c">LIT</subfield>
  </datafield>
  <datafield tag="999" ind1=" " ind2=" ">
    <subfield code="c">3236</subfield>
    <subfield code="d">3236</subfield>
  </datafield>
  <datafield tag="952" ind1=" " ind2=" ">
    <subfield code="0">0</subfield>
    <subfield code="1">0</subfield>
    <subfield code="2">ddc</subfield>
    <subfield code="4">0</subfield>
    <subfield code="7">0</subfield>
    <subfield code="a">BFM</subfield>
    <subfield code="b">BFM</subfield>
    <subfield code="c">CR</subfield>
    <subfield code="d">2024-12-12</subfield>
    <subfield code="e">Donaci&#xF3;n Diciembre 2024. Sede Tordos.</subfield>
    <subfield code="l">1</subfield>
    <subfield code="o">323 6 BAR</subfield>
    <subfield code="p">4978</subfield>
    <subfield code="r">2026-05-06</subfield>
    <subfield code="s">2026-03-26</subfield>
    <subfield code="t">Ej.1</subfield>
    <subfield code="w">2024-12-13</subfield>
    <subfield code="y">LIT</subfield>
    <subfield code="z">Donaci&#xF3;n Diciembre 2024. Sede Tordos.</subfield>
    <subfield code="f"></subfield>
  </datafield>
</record>
